Fray Luis de León

Saved in:
Bibliografiske detaljer
Hovedforfatter: Vossler, Karl (Author)
Format: Bog
Sprog:spansk
Udgivet: Buenos Aires Espasa-Calpe 1946
Udgivelse:2a. ed
Serier:Colección Austral
Fag:
Tags: Tilføj Tag
Ingen Tags, Vær først til at tagge denne postø!

MARC

LEADER 00000nam a2200000 a 4500
001 UCT5404
003 CL-VaPUC
008 961206e19460000AG |||||||||||||||||spa|d
082 0 4 |a 861.09  |b VOS  |2 21 
100 0 |a Vossler, Karl  |e author  |9 374868 
245 1 0 |a Fray Luis de León 
250 |a 2a. ed 
300 |a 149 p 
942 |c BK 
945 |d 19961206 00:00:00  |a rleighto 
260 |a Buenos Aires  |b Espasa-Calpe  |c 1946 
600 0 7 |a LEON, FRAY LUIS DE  |2 CL-VaPUC  |9 255943 
650 0 |a Poesía española  |9 264938 
650 0 |a Crítica e interpretación   |9 255042 
650 0 |a Crítica literaria   |9 269189 
583 |a last modification  |c 19961206 00:00:00  |k Rodrigo Vera 
490 0 |a Colección Austral 
999 |c 254345  |d 254343 
952 |0 0  |1 0  |4 0  |6 861_090000000000000_VOS_1946  |7 0  |8 A  |9 275970  |a BIBEDU  |b BIBEDU  |d 2019-11-19  |i 3258505  |o 861.09 VOS 1946  |p 3258505  |r 2019-11-19  |w 2019-11-19  |y BK  |k LIT 
952 |0 0  |1 0  |4 0  |6 861_090000000000000_VOS_1946  |7 0  |8 A  |9 275971  |a BIBEDU  |b BIBEDU  |d 2019-11-19  |i 1434306  |o 861.09 VOS 1946  |p 1434306  |r 2019-11-19  |w 2019-11-19  |y BK  |k LIT